Shakespeare-Zitate - Statistiken

Allgemein
  • Dieses Quiz wurde 235 mal gespielt
  • Das Durchschnittsergebnis liegt bei 7 aus 12
Antwortstatistiken
Werk Zitat % Korrekt
Hamlet Sein oder Nichtsein; das ist hier die {Frage}
98%
Der Kaufmann von Venedig Es ist nicht Alles Gold, was {glänzt}
95%
Ein Sommernachtstraum Gut gebrüllt, {Löwe}!
74%
Hamlet Etwas ist faul im Staate {Dänemarks}
68%
Romeo und Julia Es war die {Nachtigall} und nicht die Lerche
65%
Richard III. Ein Pferd, ein Pferd, mein {Königreich} für ein Pferd!
59%
Der Sturm Wir sind der Stoff, aus dem die {Träume} sind
54%
Heinrich IV. Der Wunsch ist der Vater des {Gedankens}
53%
Wie es euch gefällt Die ganze Welt ist eine {Bühne} und alle Frauen und Männer bloße Spieler
45%
Hamlet Der Rest ist {Schweigen}
34%
Komödie der Irrungen Jedes Ding hat seine {Zeit}
30%
Hamlet Doch still! Mich dünkt, ich wittre {Morgenluft}
16%
Keine übereinstimmenden Quizze gefunden
Verteilung der Resultate
Anzahl Personen mit jedem Resultat
Perzentil nach korrekt beantworteten Fragen
Ihre Resultats-Entwicklung
Sie haben dieses Quiz noch nicht gespielt